Statistiche per Classifica Marcatori Manchester City All-Time

Clicka qui per fare il quiz!

Statistiche generali

  • Questo quiz è stato fatto 11 volte
  • Il punteggio medio è 5 su 10

Statistiche sulle risposte

GolNazioneCalciatore% Corretto
260ArgentinaSergio Agüero
100%
81NorvegiaErling Haaland
91%
98BelgioKevin De Bruyne
91%
79Costa d'AvorioYaya Touré
73%
95BrasilieGabriel Jesus
55%
131InghilterraRaheem Sterling
55%
83InghilterraColin Bell
0%
87InghilterraDennis Tueart
0%
86InghilterraFrancis Lee
0%
99BermudaShaun Goater
0%

Distribuzione punteggi

Percentile per numero di risposta

Percentuale di utenti per punteggio

I tuoi punteggi nel tempo

Non hai fatto questo quiz